| 000 | 01537nmc a2200481 a 4500 | ||
|---|---|---|---|
| 003 | AR-BaBNM | ||
| 005 | 20251128203857.0 | ||
| 008 | 011101s1986 ||||||||||||||000 | spa|| | ||
| 040 | _cAR-BaBNM | ||
| 111 | 2 |
_aCongreso Iberoamericano de Educación sobre Valores de la Persona y Técnicas Educativas _d1-5 sept. 1981 _cBuenos Aires |
|
| 245 | 1 | 0 |
_aValores de la persona y técnicas educativas _n3 |
| 250 | _a2ª ed. | ||
| 260 |
_aBuenos Aires _bDocencia _c1986 |
||
| 300 | 0 | _ap. 193-421 | |
| 490 | 0 |
_aCongreso Pedagógico. Compromiso y creatividad _vv. 30 |
|
| 500 | 0 | _aContiene comunicaciones | |
| 504 | _aContiene bibliografía en notas a pie de página | ||
| 600 | 1 | 4 | _aZubiri, Xavier |
| 610 | 2 | 4 | _aCongreso Iberoamericano de Educación |
| 650 | 4 | _aFILOSOFIA DE LA EDUCACION | |
| 650 | 4 | _aVALORES MORALES | |
| 650 | 4 | _aVALORES CULTURALES | |
| 650 | 4 | _aVALORES SOCIALES | |
| 650 | 4 | _aFINALIDADES DE LA EDUCACION | |
| 650 | 4 | _aIGLESIA Y EDUCACION | |
| 650 | 4 | _aESTADO Y EDUCACION | |
| 650 | 4 | _aEDUCACION CRISTIANA | |
| 650 | 4 | _aEDUCACION RELIGIOSA | |
| 653 | 0 | _aSISTEMA EDUCATIVO | |
| 653 | 0 | _aEDUCACION PERSONALIZADA | |
| 700 | 1 | _aPrini, Prieto | |
| 700 | 1 | _aKomar, Emilio | |
| 700 | 1 | _aOliveros, Angel | |
| 700 | 1 | _aMedina Rubio, Rogelio | |
| 700 | 1 | _aPetty, Miguel | |
| 700 | 1 | _aPró, Diego F. | |
| 700 | 1 | _aSastre de Cabot, Josefa M. | |
| 700 | 1 | _aFinance, Joseph de | |
| 700 | 1 | _aLeocata, Francisco | |
| 800 | 1 |
_aGómez de Mier, Eugenio _ecoordinador |
|
| 942 | _cBK | ||
| 998 | _cSILVI | ||
| 999 |
_c5292 _d5292 |
||